000 00404 a2200169 4500
001 72398
020 _a8532200346
040 _cAnchieta - Colégio São Paulo
100 _aBandeira, Pedro
240 1 0 _aO fantástico mistério de Feiurinha
_lpor
245 1 0 _aO fantástico mistério de Feiurinha
300 _a96
362 0 _a1986
440 1 _aFTD
650 4 _aLiteratura juvenil
942 _cBK
999 _c72398
_d72398